书目信息 |
| 题名: |
电视剧制片管理
|
|
| 作者: | 陈晓春 , 张宏 | |
| 分册: | ||
| 出版信息: | 北京 北京大学出版社 2006 |
|
| 页数: | 420 | |
| 开本: | 26cm | |
| 丛书名: | ||
| 单 册: | ||
| 中图分类: | J941 | |
| 科图分类: | ||
| 主题词: | 电影工作--组织 , 电影工作--管理 | |
| 电子资源: | ||
| ISBN: | 7-301-07814-5 | |
| 000 | 00587nam0 2200205 450 | |
| 001 | 0754949328 | |
| 005 | 20070828151549.32 | |
| 010 | @a7-301-07814-5@d¥48.00 | |
| 100 | @a20070828d km y0chiy0120 ea | |
| 101 | 0 | @achi |
| 200 | 1 | @a电视剧制片管理@Adian shi ju zhi pian guan li@f陈晓春,张宏@Fchen xiao chun,zhang hong |
| 210 | @a北京@c北京大学出版社@d2006 | |
| 215 | @a420@d26cm | |
| 606 | 0 | @a电影工作@x组织 |
| 606 | 0 | @a电影工作@x管理 |
| 690 | @aJ941@v3 | |
| 701 | 0 | @a陈晓春@Achen xiao chun |
| 701 | 0 | @a张宏@Azhang hong |
| 801 | 0 | @aCN@bPFT@c20070828 |
| 905 | @a213230@dJ941@eM60 | |
| 电视剧制片管理/陈晓春,张宏.-北京:北京大学出版社,2006 |
| 420;26cm |
| ISBN 7-301-07814-5:¥48.00 |
| ● |
| 相关链接 |
|
|
|
|
正题名:电视剧制片管理
索取号:J941/M60
 
预约/预借
| 序号 | 登录号 | 条形码 | 馆藏地/架位号 | 状态 | 备注 |
| 1 | 6401326 | 264013267 | 密集书库-美术系/ [索取号:J941/M60] | 在馆 | |
| 2 | 6401329 | 264013294 | 密集书库-美术系/ [索取号:J941/M60] | 在馆 |